[Event "2.BLS 1617 SF Schöneck - SC Eppingen"]
[Site "?"]
[Date "2016.10.16"]
[Round "1.1"]
[White "Breder, Dennis"]
[Black "Krejci, Jan"]
[Result "1/2-1/2"]
[WhiteElo "2473"]
[BlackElo "2490"]
[PlyCount "70"]
[EventDate "2016.??.??"]

1. e4 c5 2. Nf3 d6 3. Bb5+ Nd7 4. d4 cxd4 5. Qxd4 a6 6. Bxd7+ Bxd7 7. O-O e5 8.
Qd3 h6 9. Rd1 Nf6 10. c4 b5 11. c5 Bc6 12. Nc3 b4 13. cxd6 bxc3 14. Qxc3 Qc8
15. Qxe5+ Qe6 16. Qxe6+ fxe6 17. Ne5 Bxe4 18. d7+ Nxd7 19. Rxd7 Be7 20. Bf4 Bf6
21. Rc7 O-O 22. Bg3 Rfc8 23. Rac1 Rxc7 24. Rxc7 Rd8 25. h4 Rd1+ 26. Kh2 Rd2 27.
f3 Bb1 28. Rc6 Rxb2 29. Rxa6 Bxa2 30. Nd3 Rd2 31. Nf4 Bd5 32. Kh3 e5 33. Nxd5
Rxd5 34. Ra4 Kf7 35. Bf2 h5 1/2-1/2

[Event "2.BLS 1617 SF Schöneck - SC Eppingen"]
[Site "?"]
[Date "2016.10.16"]
[Round "1.2"]
[White "Poetsch, Hagen"]
[Black "Noe, Christopher"]
[Result "1/2-1/2"]
[WhiteElo "2497"]
[BlackElo "2423"]
[PlyCount "200"]
[EventDate "2016.??.??"]

1. e4 e5 2. Nf3 Nc6 3. Bc4 Bc5 4. b4 Bxb4 5. c3 Be7 6. d4 Na5 7. Bd3 d6 8. dxe5
dxe5 9. Nxe5 Nf6 10. O-O O-O 11. Qc2 Be6 12. Nd2 Nd7 13. Nxd7 Qxd7 14. e5 h6
15. Rd1 Rad8 16. Ne4 Qc6 17. Ng3 Nc4 18. Qe2 Nb6 19. Bd2 Bc4 20. Bxc4 Qxc4 21.
Qh5 Rfe8 22. Nf5 Bf8 23. Be3 Rxd1+ 24. Rxd1 Qxc3 25. Qg4 Kh7 26. Bd4 Qc2 27.
Ne3 Qg6 28. Qf3 c6 29. h4 Rd8 30. h5 Qe6 31. Bxb6 Rxd1+ 32. Qxd1 axb6 33. Qb1+
Kg8 34. Qxb6 Qxa2 35. Qxb7 Qa1+ 36. Nf1 Qxe5 37. Qxc6 Qxh5 38. Qe8 Qd1 39. g3
g6 40. Kg2 Qd5+ 41. Kg1 Kg7 42. Ne3 Qg5 43. Qe4 Bc5 44. Nf1 Qf6 45. Qc2 Qe5 46.
Kg2 Qd5+ 47. Kg1 Bd4 48. Qe2 Qg5 49. Kg2 h5 50. Nd2 Bf6 51. Qd3 h4 52. Ne4 Qf5
53. gxh4 Qg4+ 54. Kf1 Qxh4 55. Nxf6 Qxf6 56. Qd5 Qf4 57. Kg2 Kh6 58. Qa8 Qg4+
59. Kh2 Qh4+ 60. Kg2 Qg5+ 61. Kf1 Qf4 62. Qh1+ Kg7 63. Qc6 g5 64. Qc3+ Qf6 65.
Qd3 Qe6 66. Qd4+ Kg6 67. Qd3+ f5 68. Qd8 f4 69. Qd3+ Kh6 70. Qf3 Kg6 71. Kg2
Kh6 72. Kf1 Kg7 73. Kg2 Kg6 74. Qd3+ Qf5 75. Qa6+ Kh5 76. Qa8 Qe5 77. Qb7 Qf5
78. Qa8 Qf6 79. Qd5 Kh4 80. Qe4 Qf7 81. Qc6 Kh5 82. Qe4 g4 83. Qe5+ Kg6 84.
Qd6+ Qf6 85. Qd3+ Kg5 86. Qd5+ Kh4 87. Qe4 f3+ 88. Kg1 Qa1+ 89. Kh2 Qa7 90. Kg1
Qc7 91. Qb1 Qe7 92. Qa1 Kg5 93. Qc1+ Kg6 94. Qc2+ Kf6 95. Qb2+ Qe5 96. Qb6+ Kf5
97. Qb1+ Kg5 98. Qc1+ Kh5 99. Qb1 Qe7 100. Qa1 Kg6 1/2-1/2

[Event "2.BLS 1617 SF Schöneck - SC Eppingen"]
[Site "?"]
[Date "2016.10.16"]
[Round "1.3"]
[White "Yankelevich, Lev"]
[Black "Rasik, Vitezslav"]
[Result "1/2-1/2"]
[WhiteElo "2413"]
[BlackElo "2445"]
[PlyCount "49"]
[EventDate "2016.??.??"]

1. d4 Nf6 2. c4 g6 3. Nc3 Bg7 4. e4 d6 5. h3 O-O 6. Nf3 Na6 7. Be3 e5 8. d5 Nh5
9. g3 Qe8 10. Be2 f5 11. exf5 gxf5 12. Ng5 Nf6 13. Rg1 c6 14. dxc6 Qxc6 15. c5
Nxc5 16. Rc1 Kh8 17. b4 Ne6 18. Nb5 Qe8 19. Nxd6 Qe7 20. Nxf5 Qxb4+ 21. Bd2 Qb6
22. Rb1 Qc7 23. Rc1 Qb6 24. Rb1 Qc7 25. Rc1 1/2-1/2

[Event "2.BLS 1617 SF Schöneck - SC Eppingen"]
[Site "?"]
[Date "2016.10.16"]
[Round "1.4"]
[White "Konopka, Michal"]
[Black "Medvegy, Zoltan"]
[Result "0-1"]
[WhiteElo "2398"]
[BlackElo "2557"]
[PlyCount "112"]
[EventDate "2016.??.??"]

1. Nf3 Nf6 2. c4 e6 3. g3 a6 4. Bg2 b5 5. b3 Bb7 6. O-O c5 7. Nc3 Qb6 8. d3 Nc6
9. e4 d6 10. h3 Be7 11. Be3 O-O 12. Rb1 b4 13. Ne2 a5 14. g4 Rfd8 15. Ng3 h6
16. d4 cxd4 17. Nxd4 Nxd4 18. Bxd4 Qc7 19. Qd2 Rac8 20. Qe3 Nd7 21. Nh5 e5 22.
Bb2 Qc5 23. Qe2 g6 24. Ng3 Nf8 25. Bc1 Bg5 26. Be3 Bxe3 27. fxe3 Qc7 28. Rf2
Nh7 29. Rbf1 Rf8 30. h4 Rcd8 31. Bh3 Bc8 32. Rh2 Qe7 33. g5 hxg5 34. Bxc8 Rxc8
35. h5 Qe6 36. Rhf2 Qh3 37. hxg6 fxg6 38. Rxf8+ Rxf8 39. Rxf8+ Nxf8 40. Nf1 Nd7
41. Qd1 Qe6 42. Kg2 Nc5 43. Ng3 Kg7 44. Kh2 Kf8 45. Kg2 Ke8 46. Qh1 Qf6 47. Qd1
Kd7 48. Qg4+ Kc7 49. Nf1 Qe6 50. Qf3 g4 51. Qf8 Nxe4 52. Qg7+ Kb6 53. Qf8 Qf5
54. Qb8+ Kc6 55. Qb5+ Kc7 56. Qxa5+ Kd7 0-1

[Event "2.BLS 1617 SF Schöneck - SC Eppingen"]
[Site "?"]
[Date "2016.10.16"]
[Round "1.5"]
[White "Guliyev, Namig"]
[Black "Marchio, Enrico"]
[Result "1-0"]
[WhiteElo "2579"]
[BlackElo "2321"]
[PlyCount "51"]
[EventDate "2016.??.??"]

1. e4 e6 2. d4 d5 3. Nc3 Nf6 4. e5 Nfd7 5. f4 c5 6. Nf3 Nc6 7. Be3 a6 8. Qd2 b5
9. dxc5 Bxc5 10. Ne2 Bxe3 11. Qxe3 Qb6 12. Ned4 O-O 13. O-O-O f6 14. Kb1 Rb8
15. h4 Rb7 16. h5 h6 17. Be2 fxe5 18. fxe5 Nxd4 19. Rxd4 Nb8 20. Nd2 Rbf7 21.
Rg4 Rd8 22. Qxh6 Nc6 23. Bd3 Qc7 24. Qh7+ Kf8 25. Qh8+ Ke7 26. Qxg7 1-0

[Event "2.BLS 1617 SF Schöneck - SC Eppingen"]
[Site "?"]
[Date "2016.10.16"]
[Round "1.6"]
[White "Stockmann, Michael"]
[Black "Mesaros, Florian"]
[Result "0-1"]
[WhiteElo "2227"]
[BlackElo "2321"]
[PlyCount "42"]
[EventDate "2016.??.??"]

1. d4 d5 2. c4 e6 3. Nf3 Nf6 4. g3 Bb4+ 5. Nbd2 dxc4 6. Qa4+ Nc6 7. a3 Bxd2+ 8.
Bxd2 Qd5 9. Bg2 Bd7 10. O-O Nxd4 11. Nxd4 Bxa4 12. Bxd5 exd5 13. Nf5 O-O 14.
Bc3 Rfe8 15. Bxf6 gxf6 16. e3 c5 17. Rfe1 Rad8 18. f4 d4 19. exd4 Rxe1+ 20.
Rxe1 cxd4 21. Rf1 c3 0-1

[Event "2.BLS 1617 SF Schöneck - SC Eppingen"]
[Site "?"]
[Date "2016.10.16"]
[Round "1.7"]
[White "Hacker, Jonas"]
[Black "Meyer, Kai-Christian"]
[Result "1-0"]
[WhiteElo "2321"]
[BlackElo "2186"]
[PlyCount "81"]
[EventDate "2016.??.??"]

1. e4 c6 2. d4 d5 3. Nd2 dxe4 4. Nxe4 Bf5 5. Ng3 Bg6 6. Nf3 Nf6 7. h4 h6 8. h5
Bh7 9. Bd3 Bxd3 10. Qxd3 e6 11. Bd2 c5 12. O-O-O Nc6 13. Be3 Be7 14. dxc5 Qa5
15. Qc4 Nb4 16. a3 Nbd5 17. Ne4 Nxe4 18. Qxe4 Bxc5 19. Bxc5 Qxc5 20. Ne5 Rc8
21. Rd2 Rc7 22. g4 b5 23. Nxf7 O-O 24. Ng5 Nf6 25. Qxe6+ Kh8 26. Ne4 Nxe4 27.
Qxe4 Qg5 28. Qe2 Re7 29. Qd3 Rxf2 30. Qd8+ Kh7 31. Qd3+ Kh8 32. Rhd1 Re8 33.
Kb1 Rxd2 34. Rxd2 Qxg4 35. Qxb5 Rf8 36. Ka2 Rf5 37. Rd5 Rf8 38. Qd3 Qe6 39. c4
Qf6 40. Qd4 Qf7 41. Rd7 1-0

[Event "2.BLS 1617 SF Schöneck - SC Eppingen"]
[Site "?"]
[Date "2016.10.16"]
[Round "1.8"]
[White "Everett, Elijah"]
[Black "Gibicar, Danijel"]
[Result "0-1"]
[WhiteElo "2067"]
[BlackElo "2259"]
[PlyCount "30"]
[EventDate "2016.??.??"]

1. e4 e6 2. d4 d5 3. exd5 exd5 4. Bd3 Nf6 5. Ne2 c5 6. dxc5 Bxc5 7. O-O h6 8.
Nbc3 O-O 9. Nf4 Kh8 10. Qf3 Nc6 11. Qg3 Bd6 12. Qh4 Be7 13. Qg3 g5 14. Nfe2 d4
15. Nd1 Nh5 0-1

[Event "2.BLS 1617 SC Heusenstamm - SC Viernhei"]
[Site "?"]
[Date "2016.10.16"]
[Round "1.1"]
[White "Kryvoruchko, Yuriy"]
[Black "Sadzikowski, Daniel"]
[Result "1/2-1/2"]
[WhiteElo "2701"]
[BlackElo "2541"]
[PlyCount "99"]
[EventDate "2016.??.??"]

1. e4 c5 2. Nf3 d6 3. d4 cxd4 4. Nxd4 Nf6 5. Nc3 a6 6. g3 e5 7. Nde2 Be7 8. Bg2
O-O 9. O-O b5 10. Nd5 Nbd7 11. Nec3 Bb7 12. a4 Nxd5 13. Nxd5 Bxd5 14. exd5 b4
15. Bd2 a5 16. c3 bxc3 17. Bxc3 Qb6 18. Qc2 Nc5 19. Rfb1 Nb3 20. Ra3 Nd4 21.
Bxd4 Qxd4 22. Rc3 f5 23. Rc4 Qb6 24. b4 axb4 25. Rbxb4 Qa5 26. Rb5 Qe1+ 27. Bf1
e4 28. Kg2 Qa1 29. Rb7 Bf6 30. Rbc7 Bd4 31. Rc8 Bc5 32. Rxa8 Rxa8 33. Qb3 Rf8
34. Rc2 f4 35. gxf4 Qd1 36. Be2 Qd4 37. Bg4 g6 38. Be6+ Kh8 39. Qb2 Qxb2 40.
Rxb2 Rxf4 41. a5 e3 42. fxe3 Ra4 43. Rb8+ Kg7 44. Rb7+ Kf6 45. Rxh7 Rxa5 46.
Rf7+ Ke5 47. Rf3 Ra2+ 48. Kh3 Re2 49. Rg3 Rxe3 50. Rxe3+ 1/2-1/2

[Event "2.BLS 1617 SC Heusenstamm - SC Viernhei"]
[Site "?"]
[Date "2016.10.16"]
[Round "1.2"]
[White "Wieczorek, Oskar"]
[Black "Korobov, Anton"]
[Result "1-0"]
[WhiteElo "2456"]
[BlackElo "2687"]
[PlyCount "73"]
[EventDate "2016.??.??"]

1. e4 c5 2. Nf3 d6 3. d4 cxd4 4. Nxd4 Nf6 5. Nc3 Nc6 6. Bg5 e6 7. Qd2 a6 8.
O-O-O Bd7 9. f4 Be7 10. Nf3 b5 11. Bxf6 gxf6 12. Kb1 Qb6 13. f5 O-O-O 14. g3
Kb8 15. fxe6 fxe6 16. Bh3 Bc8 17. Qe1 Rhe8 18. Ne2 Ne5 19. Rf1 Nc4 20. Nf4 f5
21. exf5 Bf6 22. fxe6 Bxb2 23. Nd5 Qc5 24. Nd2 Nxd2+ 25. Qxd2 Be5 26. Rf7 Rxe6
27. Qa5 Ree8 28. Bg2 Rd7 29. Rxd7 Bxd7 30. Nb4 Kc8 31. Qxa6+ Kd8 32. Nd5 Bf5
33. Qa8+ Kd7 34. Qb7+ Ke6 35. Nc7+ Kf6 36. Nxe8+ Kg6 37. Rxd6+ 1-0

[Event "2.BLS 1617 SC Heusenstamm - SC Viernhei"]
[Site "?"]
[Date "2016.10.16"]
[Round "1.3"]
[White "Kovalenko, Igor"]
[Black "Zuyev, Igor"]
[Result "1-0"]
[WhiteElo "2664"]
[BlackElo "2427"]
[PlyCount "99"]
[EventDate "2016.??.??"]

1. c4 c5 2. Nf3 g6 3. d4 cxd4 4. Nxd4 Nc6 5. e4 Nf6 6. Nc3 d6 7. Be2 Nxd4 8.
Qxd4 Bg7 9. Be3 O-O 10. Qd2 Be6 11. Rc1 Qa5 12. b3 Rac8 13. f3 Nd7 14. h4 f5
15. Nd5 Qxd2+ 16. Kxd2 Rfe8 17. Nf4 Bf7 18. exf5 gxf5 19. g4 fxg4 20. fxg4 Nf6
21. Bf3 e5 22. Nh5 Nxh5 23. gxh5 e4 24. Bg4 Rc7 25. Rhg1 h6 26. Bf5 Bxh5 27.
Bg6 Bxg6 28. Rxg6 Kh7 29. Rxd6 Bf8 30. Rd5 b6 31. Ke2 Rg7 32. Rg1 Rf7 33. Rgd1
Bb4 34. Rd7 Ree7 35. Rxe7 Rxe7 36. h5 Rg7 37. Rg1 Rf7 38. Rg6 Bf8 39. Rg4 Rf5
40. Rf4 Rxf4 41. Bxf4 Bc5 42. Be3 Be7 43. Bd4 Bg5 44. b4 Kg8 45. b5 Be7 46. Ke3
Kf7 47. Kxe4 Ke6 48. a4 Bb4 49. Be3 Bf8 50. Bf4 1-0

[Event "2.BLS 1617 SC Heusenstamm - SC Viernhei"]
[Site "?"]
[Date "2016.10.16"]
[Round "1.4"]
[White "Weichhold, Pawel"]
[Black "Tarlev, Konstantin"]
[Result "1-0"]
[WhiteElo "2390"]
[BlackElo "2596"]
[PlyCount "87"]
[EventDate "2016.??.??"]

1. e4 c5 2. Nf3 e6 3. d4 cxd4 4. Nxd4 Nc6 5. Nc3 Qc7 6. Be3 a6 7. a3 Nf6 8. f4
d6 9. Qf3 Be7 10. O-O-O O-O 11. g4 Nd7 12. g5 b5 13. h4 Rb8 14. f5 b4 15. axb4
Rxb4 16. f6 Bd8 17. fxg7 Kxg7 18. h5 Nxd4 19. Rxd4 Ne5 20. Qf4 Rxd4 21. Bxd4 f6
22. gxf6+ Bxf6 23. Kb1 Kh8 24. Be2 Bg7 25. Qd2 Qe7 26. Rd1 Bb7 27. Be3 Nf7 28.
h6 Bxc3 29. Qxc3+ e5 30. Bd3 Rg8 31. Rf1 Bc8 32. Bc4 Be6 33. Qb3 Nd8 34. Bb6
Bxc4 35. Bxd8 Qxd8 36. Qxc4 Rg6 37. Rh1 d5 38. Qc5 Qf8 39. Qxd5 Rxh6 40. Rd1
Rf6 41. Qxe5 h5 42. b4 h4 43. Rh1 Qh6 44. b5 1-0

[Event "2.BLS 1617 SC Heusenstamm - SC Viernhei"]
[Site "?"]
[Date "2016.10.16"]
[Round "1.5"]
[White "Beikert, Guenther"]
[Black "Barski, Radoslaw"]
[Result "0-1"]
[WhiteElo "2408"]
[BlackElo "2383"]
[PlyCount "68"]
[EventDate "2016.??.??"]

1. c4 c5 2. Nc3 Nc6 3. Nf3 e5 4. g3 g6 5. Bg2 Bg7 6. O-O Nge7 7. Ne1 O-O 8. Nc2
d6 9. Ne3 Rb8 10. a3 a6 11. b4 b5 12. cxb5 axb5 13. Rb1 cxb4 14. axb4 Be6 15.
Ned5 Nxd5 16. Nxd5 Ne7 17. Nxe7+ Qxe7 18. d4 exd4 19. Bb2 Qa7 20. Ra1 Qb6 21.
Qd2 Rfc8 22. Be4 Re8 23. Rfc1 Bc4 24. Bf3 Rec8 25. Ra3 Be6 26. Rca1 Rc4 27. Ra6
Qd8 28. Be4 Bf5 29. Bxf5 gxf5 30. Ra7 Qc8 31. R7a2 h6 32. Qe1 Rc2 33. Kg2 Qc4
34. Qd1 d3 0-1

[Event "2.BLS 1617 SC Heusenstamm - SC Viernhei"]
[Site "?"]
[Date "2016.10.16"]
[Round "1.6"]
[White "Solonar, Stefan"]
[Black "Libiszewski, Fabien"]
[Result "1/2-1/2"]
[WhiteElo "2325"]
[BlackElo "2543"]
[PlyCount "91"]
[EventDate "2016.??.??"]

1. c4 e5 2. Nc3 Nf6 3. Nf3 Nc6 4. g3 Bb4 5. Bg2 O-O 6. Nd5 e4 7. Nh4 d6 8. Nxb4
Nxb4 9. a3 Nc6 10. d3 Re8 11. O-O h6 12. dxe4 Nxe4 13. Be3 a5 14. Qd3 Qe7 15.
b3 Ng5 16. Nf3 Ne5 17. Nxe5 Qxe5 18. Rfe1 Bf5 19. Qd4 Qxd4 20. Bxd4 Be4 21.
Bxe4 Rxe4 22. Rad1 Ne6 23. e3 a4 24. b4 c5 25. bxc5 dxc5 26. f3 Nxd4 27. fxe4
Nf3+ 28. Kf2 Nxe1 29. Rxe1 Rd8 30. Ke2 Rd6 31. Rb1 b6 32. e5 Re6 33. Kf3 Kf8
34. Kf4 Ke7 35. Rb2 Kd7 36. Rd2+ Kc7 37. g4 Re7 38. Rd5 Rd7 39. e4 Re7 40. h4
Re6 41. h5 Rc6 42. g5 hxg5+ 43. Kxg5 Re6 44. Kf4 Rh6 45. Kg5 Re6 46. Kf4
1/2-1/2

[Event "2.BLS 1617 SC Heusenstamm - SC Viernhei"]
[Site "?"]
[Date "2016.10.16"]
[Round "1.7"]
[White "Meinhardt, Maximilian"]
[Black "Klundt, Klaus"]
[Result "1/2-1/2"]
[WhiteElo "2379"]
[BlackElo "2300"]
[PlyCount "152"]
[EventDate "2016.??.??"]

1. e4 c5 2. Nc3 e6 3. Nf3 Nc6 4. d4 cxd4 5. Nxd4 Qc7 6. g3 a6 7. Bg2 d6 8. O-O
Bd7 9. a4 Be7 10. Nxc6 Bxc6 11. Re1 Nf6 12. Be3 O-O 13. a5 Nd7 14. Na4 Rac8 15.
Nb6 Nxb6 16. Bxb6 Qd7 17. c4 Bd8 18. Bxd8 Rfxd8 19. Qd2 Qc7 20. Qb4 e5 21. Red1
f5 22. exf5 Bxg2 23. Kxg2 Qxc4 24. Qxb7 Rb8 25. b3 Rxb7 26. bxc4 Rc7 27. Rd5
Kf7 28. Rb1 Rxc4 29. Rb6 Rc5 30. Rxc5 dxc5 31. Rxa6 c4 32. Rc6 Ra8 33. a6 c3
34. g4 c2 35. g5 Rxa6 36. Rxc2 Ra4 37. Rc7+ Kg8 38. Rc8+ Kf7 39. Rc7+ Kf8 40.
Kg3 Rf4 41. f6 gxf6 42. gxf6 h5 43. Rg7 h4+ 44. Kg2 Rxf6 45. Rg4 Kf7 46. Rxh4
Ke6 47. Kg3 Kf5 48. f3 Rg6+ 49. Kf2 Ra6 50. Kg3 Ra1 51. Rh5+ Ke6 52. Rh8 Rg1+
53. Kf2 Ra1 54. Rg8 Ra4 55. Rg4 Ra2+ 56. Kg3 Ra1 57. h4 Rg1+ 58. Kf2 Ra1 59.
Kg2 Ra2+ 60. Kh3 Rf2 61. Kg3 Rf1 62. Kg2 Ra1 63. h5 Kf5 64. Kh2 Rb1 65. Kg2 Ra1
66. Rh4 Kg5 67. Rh3 Ra6 68. Kf2 e4 69. fxe4 Ra2+ 70. Ke1 Kg4 71. Re3 Kxh5 72.
Re2 Rxe2+ 73. Kxe2 Kg5 74. Kd3 Kf6 75. Kd4 Ke6 76. e5 Ke7 1/2-1/2

[Event "2.BLS 1617 SC Heusenstamm - SC Viernhei"]
[Site "?"]
[Date "2016.10.16"]
[Round "1.8"]
[White "Krenz, Valeriy"]
[Black "Mandel, Andreas"]
[Result "0-1"]
[WhiteElo "2252"]
[BlackElo "2397"]
[PlyCount "67"]
[EventDate "2016.??.??"]

1. d4 Nf6 2. Bg5 c5 3. Bxf6 gxf6 4. d5 Qb6 5. Qc1 f5 6. c4 Bg7 7. Nc3 d6 8. e3
Nd7 9. Nh3 Nf6 10. Bd3 Bd7 11. Qc2 e6 12. O-O Rg8 13. Ng5 h6 14. Nf3 h5 15.
Rab1 a5 16. a3 Ke7 17. dxe6 fxe6 18. e4 fxe4 19. Nxe4 Nxe4 20. Bxe4 Bf6 21.
Rfe1 Kd8 22. Qd2 Kc7 23. b4 axb4 24. axb4 Ra7 25. Re3 cxb4 26. Rxb4 Qc5 27. h4
Rg4 28. g3 Bg7 29. Ng5 Qd4 30. Rd3 Rxg3+ 31. Kh2 Rxd3 32. Bxd3 Qxh4+ 33. Nh3
Qf6 34. Be4 0-1

[Event "2.BLS 1617 SC Deizisau - Schott Mainz"]
[Site "?"]
[Date "2016.10.16"]
[Round "1.1"]
[White "Lobron, Eric"]
[Black "Krasenkow, Michal"]
[Result "1/2-1/2"]
[WhiteElo "2518"]
[BlackElo "2629"]
[PlyCount "47"]
[EventDate "2016.??.??"]

1. d4 d6 2. Nf3 Bg4 3. e3 Nd7 4. h3 Bh5 5. c4 e5 6. Nc3 c6 7. Be2 Ngf6 8. Qb3
Bxf3 9. Bxf3 Qc7 10. Bd2 Be7 11. g4 O-O 12. O-O Nb6 13. Rac1 Qd7 14. Rfd1 exd4
15. exd4 d5 16. cxd5 Nfxd5 17. a4 a5 18. Nxd5 Nxd5 19. Bxd5 cxd5 20. Bf4 Rfd8
21. Kg2 Bb4 22. Qf3 b5 23. axb5 Qxb5 24. b3 1/2-1/2

[Event "2.BLS 1617 SC Deizisau - Schott Mainz"]
[Site "?"]
[Date "2016.10.16"]
[Round "1.2"]
[White "Dautov, Rustem"]
[Black "Dann, Matthias"]
[Result "1/2-1/2"]
[WhiteElo "2607"]
[BlackElo "2486"]
[PlyCount "49"]
[EventDate "2016.??.??"]

1. d4 Nf6 2. c4 e6 3. Nf3 b6 4. g3 Ba6 5. b3 Bb4+ 6. Bd2 Be7 7. Bg2 c6 8. Bc3
d5 9. Ne5 Nfd7 10. Nxd7 Nxd7 11. Nd2 f5 12. O-O O-O 13. a4 Bd6 14. a5 b5 15. c5
Bc7 16. Nf3 Qe7 17. b4 Rad8 18. Bd2 f4 19. Bxf4 Bxf4 20. gxf4 Rxf4 21. Ra3 e5
22. e3 Rff8 23. dxe5 Nxe5 24. Nxe5 Qxe5 25. Qa1 1/2-1/2

[Event "2.BLS 1617 SC Deizisau - Schott Mainz"]
[Site "?"]
[Date "2016.10.16"]
[Round "1.3"]
[White "Cicak, Slavko"]
[Black "Lagarde, Maxime"]
[Result "1/2-1/2"]
[WhiteElo "2511"]
[BlackElo "2593"]
[PlyCount "63"]
[EventDate "2016.??.??"]

1. e4 c5 2. Nf3 Nc6 3. Bb5 e6 4. O-O Nge7 5. b3 a6 6. Bxc6 Nxc6 7. Bb2 b5 8. a4
b4 9. d4 cxd4 10. Nxd4 Qf6 11. Ra2 Nxd4 12. Bxd4 Qg6 13. Nd2 Bb7 14. f3 d5 15.
e5 h5 16. f4 Qf5 17. Qf3 Be7 18. Nc4 O-O 19. Nb6 Rad8 20. Qd3 Qe4 21. Raa1 f6
22. exf6 Qxd3 23. cxd3 Bxf6 24. Bxf6 Rxf6 25. Rac1 e5 26. a5 exf4 27. Rc7 Bc6
28. Rc1 Bb5 29. Rc8 Rxc8 30. Rxc8+ Kh7 31. Nxd5 Rd6 32. Rc5 1/2-1/2

[Event "2.BLS 1617 SC Deizisau - Schott Mainz"]
[Site "?"]
[Date "2016.10.16"]
[Round "1.4"]
[White "Graf, Alexander"]
[Black "Balcerak, Jakob"]
[Result "1-0"]
[WhiteElo "2564"]
[BlackElo "2454"]
[PlyCount "97"]
[EventDate "2016.??.??"]

1. Nf3 d5 2. c4 c6 3. e3 Nf6 4. Nc3 e6 5. b3 Nbd7 6. Bb2 Bd6 7. Qc2 O-O 8. Be2
Re8 9. h3 e5 10. cxd5 Nxd5 11. Ne4 Bf8 12. a3 N7f6 13. d3 Qc7 14. Ned2 b5 15.
O-O a6 16. Rfc1 Bb7 17. d4 e4 18. Ne5 c5 19. a4 Nb4 20. Qd1 Qb6 21. Qf1 bxa4
22. Rxa4 cxd4 23. Bxd4 Qe6 24. Ndc4 Nc6 25. Nxc6 Bxc6 26. Ra5 Bb5 27. Nb6 Bxe2
28. Qxe2 Rab8 29. Rxa6 Qxb3 30. Nc4 Be7 31. Ne5 Qb5 32. Qa2 Qd5 33. Qa1 Ra8 34.
Nc6 Rxa6 35. Qxa6 Bd8 36. Rc5 Qd7 37. Qb5 Re6 38. Nxd8 Qxd8 39. Bxf6 gxf6 40.
Rd5 Qc8 41. Qb1 Qf8 42. Qd1 Kh8 43. Qg4 Qc8 44. Qf4 Qe8 45. Rf5 Kg7 46. Rh5 Kh8
47. Rh6 Kg7 48. Rh4 Kh8 49. Qh6 1-0

[Event "2.BLS 1617 SC Deizisau - Schott Mainz"]
[Site "?"]
[Date "2016.10.16"]
[Round "1.5"]
[White "Schenderowitsch, Michael"]
[Black "Demuth, Adrien"]
[Result "0-1"]
[WhiteElo "2348"]
[BlackElo "2545"]
[PlyCount "118"]
[EventDate "2016.??.??"]

1. d4 Nf6 2. c4 e6 3. Nf3 d5 4. cxd5 exd5 5. Nc3 c6 6. Bg5 h6 7. Bh4 Bf5 8. Qb3
g5 9. Bg3 Qb6 10. Nd2 Nbd7 11. h3 Qxb3 12. Nxb3 a5 13. Nd2 a4 14. a3 b5 15. Na2
Nb6 16. Be5 Be7 17. e3 Kd7 18. Be2 Rhg8 19. Bxf6 Bxf6 20. Bg4 Be6 21. Nb4 Be7
22. Bxe6+ fxe6 23. Nd3 Bd6 24. Ke2 Nc4 25. Nf3 Rae8 26. Rac1 Kc7 27. Rc2 Kb6
28. Rhc1 Rgf8 29. Rc3 Re7 30. R3c2 Ref7 31. Rh1 Rf5 32. Rf1 R5f6 33. Rcc1 Rf5
34. Rc2 h5 35. Nfe1 R5f6 36. Rc3 g4 37. h4 Bg3 38. f3 Bxh4 39. Rc2 Bg3 40. Rh1
h4 41. Nc5 R8f7 42. f4 Bxe1 43. Rxe1 e5 44. dxe5 Nxe5 45. fxe5 Rf2+ 46. Kd3
Rxc2 47. e6 Kxc5 48. exf7 Rf2 49. Rc1+ Kb6 50. Rh1 Rxf7 51. Rxh4 Rf2 52. Kc3
Rxg2 53. Rh6 Kc5 54. b4+ axb3 55. Kxb3 Rg3 56. Re6 d4 57. Re5+ Kb6 58. Rg5
Rxe3+ 59. Kb2 g3 0-1

[Event "2.BLS 1617 SC Deizisau - Schott Mainz"]
[Site "?"]
[Date "2016.10.16"]
[Round "1.6"]
[White "Schlosser, Philipp"]
[Black "Goebel, Constantin"]
[Result "1/2-1/2"]
[WhiteElo "2523"]
[BlackElo "2201"]
[PlyCount "109"]
[EventDate "2016.??.??"]

1. c4 Nf6 2. Nf3 e6 3. g3 d5 4. Bg2 Be7 5. O-O O-O 6. d4 dxc4 7. Ne5 Nc6 8.
Nxc6 bxc6 9. Na3 Nd5 10. Nxc4 c5 11. Na5 cxd4 12. Nc6 Qe8 13. Nxe7+ Qxe7 14.
Qxd4 c5 15. Qe5 Rd8 16. Rd1 Bb7 17. Bd2 Rac8 18. Ba5 Rd7 19. Rac1 Nb6 20. Rxd7
Nxd7 21. Qe3 Bxg2 22. Kxg2 Qd6 23. b3 h6 24. Bc3 f6 25. Bb2 Nb6 26. Qe4 Qd5 27.
Qxd5 exd5 28. Ba3 c4 29. Bb2 Kf7 30. Bd4 Ke6 31. Kf3 Rc7 32. g4 Nc8 33. bxc4
dxc4 34. Bc3 Nd6 35. Rb1 h5 36. h3 hxg4+ 37. hxg4 Rc6 38. a4 Kd5 39. e4+ Ke6
40. Ke3 Ra6 41. Rb4 Rc6 42. f4 Rc8 43. f5+ Kd7 44. Kf4 Ke7 45. Rb1 Kd7 46. Rd1
Rc6 47. Rd5 Kc7 48. e5 fxe5+ 49. Rxe5 Kd7 50. Ra5 a6 51. Rd5 Ke7 52. Bb4 c3 53.
Ke5 c2 54. Rxd6 Rc5+ 55. Bxc5 1/2-1/2

[Event "2.BLS 1617 SC Deizisau - Schott Mainz"]
[Site "?"]
[Date "2016.10.16"]
[Round "1.7"]
[White "Siebenhaar, Erich"]
[Black "Hirneise, Tobias"]
[Result "1-0"]
[WhiteElo "2036"]
[BlackElo "2477"]
[PlyCount "55"]
[EventDate "2016.??.??"]

1. d4 Nf6 2. Nf3 d5 3. e3 c6 4. Bd3 Bg4 5. h3 Bh5 6. b3 Nbd7 7. Bb2 e6 8. Nbd2
Bd6 9. O-O Qe7 10. c4 O-O 11. Qc2 dxc4 12. Bxc4 Rac8 13. e4 b5 14. Bd3 e5 15.
dxe5 Nxe5 16. Nxe5 Bxe5 17. Bxe5 Qxe5 18. Rae1 Rfd8 19. Re3 Nd7 20. Be2 Bxe2
21. Rxe2 Qc5 22. Nf3 Qxc2 23. Rxc2 c5 24. Rd1 f6 25. Rcd2 Rc7 26. e5 Kf7 27.
Rd6 fxe5 28. Ng5+ 1-0

[Event "2.BLS 1617 SC Deizisau - Schott Mainz"]
[Site "?"]
[Date "2016.10.16"]
[Round "1.8"]
[White "Hirneise, Jens"]
[Black "Brandl, Lea Maria"]
[Result "1-0"]
[WhiteElo "2324"]
[BlackElo "1878"]
[PlyCount "51"]
[EventDate "2016.??.??"]

1. e4 c5 2. Nf3 d6 3. d4 cxd4 4. Nxd4 Nf6 5. Nc3 a6 6. Be3 e5 7. Nb3 Be7 8. h3
h5 9. Bc4 Nbd7 10. Qe2 b5 11. Bd5 Nxd5 12. Nxd5 Bb7 13. O-O-O Bg5 14. Kb1 Bxe3
15. Nxe3 Bxe4 16. Rxd6 Qc7 17. Rhd1 Nf6 18. f3 Bg6 19. f4 e4 20. f5 Bh7 21. g4
hxg4 22. hxg4 Bg8 23. g5 Nh5 24. Qh2 Qe7 25. f6 gxf6 26. gxf6 1-0

[Event "2.BLS 1617 TSV Schönaich - Caissa Schwa"]
[Site "?"]
[Date "2016.10.16"]
[Round "1.1"]
[White "Frischmann, Rick"]
[Black "Danin, Alexandre"]
[Result "0-1"]
[WhiteElo "2312"]
[BlackElo "2587"]
[PlyCount "142"]
[EventDate "2016.??.??"]

1. e4 e6 2. d4 d5 3. Nd2 c5 4. exd5 Qxd5 5. Ngf3 cxd4 6. Bc4 Qd6 7. O-O Nf6 8.
Nb3 Nc6 9. Nbxd4 Nxd4 10. Nxd4 a6 11. Re1 Qc7 12. Qe2 h6 13. h3 Bd7 14. Bd2 Bc5
15. Nb3 Be7 16. Ba5 Qc8 17. Rad1 O-O 18. Bc3 b5 19. Bd3 Bc6 20. Nd4 Bb7 21. Nf5
exf5 22. Qxe7 Qc6 23. f3 Nd5 24. Qe5 Nxc3 25. Qxc3 Qxc3 26. bxc3 Bd5 27. Ra1
Rac8 28. a4 Rxc3 29. axb5 axb5 30. Rab1 Bc4 31. Bxf5 Rd8 32. Rbd1 Rxd1 33. Rxd1
g6 34. Be4 f5 35. Bd5+ Kg7 36. Rd2 Kf6 37. f4 g5 38. Bxc4 bxc4 39. Rd6+ Kf7 40.
Rxh6 gxf4 41. Rh4 f3 42. Rf4 fxg2 43. Rxf5+ Ke6 44. Rf2 Rxh3 45. Kxg2 Re3 46.
Rf3 Re4 47. Kf2 Kd5 48. Re3 Rh4 49. c3 Rh5 50. Re8 Rh3 51. Re3 Rh2+ 52. Kf3 Rc2
53. Kf4 Kc6 54. Ke4 Kb5 55. Re1 Rxc3 56. Rb1+ Kc5 57. Rb8 Rd3 58. Rb7 Rd8 59.
Ke3 c3 60. Ke2 Kc4 61. Ke1 c2 62. Rc7+ Kb3 63. Rb7+ Kc3 64. Rc7+ Kb2 65. Rb7+
Kc1 66. Ke2 Re8+ 67. Kf2 Re5 68. Rb8 Kd2 69. Rd8+ Kc3 70. Rc8+ Kb3 71. Kf1 Re4
0-1

[Event "2.BLS 1617 TSV Schönaich - Caissa Schwa"]
[Site "?"]
[Date "2016.10.16"]
[Round "1.2"]
[White "Vishnu, Prasanna. V"]
[Black "Oberhofer, Andre"]
[Result "1-0"]
[WhiteElo "2522"]
[BlackElo "2312"]
[PlyCount "65"]
[EventDate "2016.??.??"]

1. c4 e6 2. g3 d5 3. Bg2 Nf6 4. Nf3 Be7 5. d4 O-O 6. Qc2 Nbd7 7. O-O c6 8. Nbd2
b6 9. e4 Bb7 10. Rd1 Rc8 11. e5 Ne8 12. cxd5 exd5 13. Nf1 Nc7 14. Ne3 Ne6 15.
Nf5 Re8 16. h4 c5 17. Qe2 h6 18. Bxh6 gxh6 19. Nxh6+ Kg7 20. Nf5+ Kg8 21. Nh2
Bf8 22. Qg4+ Bg7 23. Nf3 cxd4 24. h5 Kf8 25. h6 Bh8 26. h7 Ng7 27. Nxg7 Bxg7
28. Qh5 Ke7 29. Qh4+ f6 30. Re1 Bh8 31. exf6+ Kf7 32. Qh5+ Kxf6 33. Qh4+ 1-0